00000000nam 2200000zi 4500
0019.947486
003CaOODSP
00520250206071959
006m     o  d f      
007cr bn|||||||||
008250129e197209##oncdo   ob   f000 0 eng d
040 |aCaOODSP|beng|erda|cCaOODSP
043 |an-cn-nk
0861 |aDR52-19/1-1972E-PDF
1001 |aForshaw, S. E., |eauthor.
24512|aA survey of noise hazards at the Combat Arms School, CFB Gagetown / |cS.E. Forshaw, C.G. Coffey, R.A. Stong.
264 1|aDownsview, Ontario : |bDefence and Civil Institute of Environmental Medicine, Behavioural Sciences Division : |bDefence Research Board - Department of National Defence - Canada, |cSeptember 1972.
300 |a1 online resource (v, 175 pages) : |bgraphs, photographs.
336 |atext|btxt|2rdacontent
337 |acomputer|bc|2rdamedia
338 |aonline resource|bcr|2rdacarrier
4901 |aDCIEM report ; |vno. 814
500 |a"Unclassified."
500 |aDigitized edition from print [produced by Defence R&D Canada].
504 |aIncludes bibliographical references (pages 14-15).
5203 |a"This report lists the results of a DCIEM-DRES noise survey at the Combat Arms School, Canadian Forces Base Gagetown, and presents recommendations arising from analyses of the data"--Abstract, page v.
61010|aCanada. |bCanadian Forces Base (Gagetown, N.B.)|xNoise.
61016|aCanada. |bBase des Forces canadiennes (Gagetown, N.-B.)|xBruit.
650 0|aMilitary post schools|xNoise.
650 0|aNoise|xMeasurement.
650 6|aÉcoles dans les bases militaires|xBruit.
650 6|aBruit|xMesure.
7102 |aDefence and Civil Institute of Environmental Medicine (Canada). |bBehavioral Sciences Division, |eissuing body.
7101 |aCanada. |bDefence Research Board, |eissuing body.
830#0|aDCIEM report ;|vno. 814.|w(CaOODSP)9.941842
85640|qPDF|s7.70 MB|uhttps://publications.gc.ca/collections/collection_2025/rddc-drdc/DR52-19-1-1972-eng.pdf
986 |a18863